Formula one drivers by picture - Statistics

General Stats
  • This quiz has been taken 24 times
  • The average score is 6 of 16
Answer Stats
Picture Answer % Correct
Felipe Massa
91%
Jenson Button
87%
Liam Lawson
87%
Arvid Lindblad
74%
Keke Rosberg
70%
Jean Alesi
48%
Carlos Reutemann
30%
Jarno Trulli
22%
Kazuki Nakajima
22%
Roberto Moreno
22%
Aguri Suzuki
17%
Alexander Wurz
17%
Prince Bira
17%
Ricardo Patrese
17%
Louis Chiron
4%
Maurice Trintignant
4%
No matching quizzes found
Score Distribution
Percent of People with Each Score
Percentile by Number Answered
Your Score History
You have not taken this quiz